000 01141nam a2200289 i 4500
003 DO-SdBNP
005 20250711092750.0
007 ta
008 250711b2025 dr c|||| |||| 00| 0 spa d
020 _a9789945293265
040 _aDO-SdBNP
_bspa
_cBNPHU
_erda
082 _axxx
_bP438
_222
100 1 _aAmador Pérez, Darío
_d1964-
_eautor
_4aut.
_988313
_qRafael Dario Amador Pérez
245 1 0 _a"Factótum" :
_bla tiranía persiste /
_cDarío Amador Pérez
264 _aSanto Domingo :
_b[editor no identificado],
_c[2025].
300 _a151 páginas ;
_bretrato
_c22 cm.
336 _atexto
_btxt
_2rdacontent
337 _asin mediación
_bn
_2rdamedia
338 _avolumen
_bnc
_2rdacarrier
500 _aIncluye datos biografícos del autor en la contraportada.
500 _aSocialización histórica.
504 _aBibliografía p: 149-150.
520 _aSocialización sobre comportamientos históricos cuestionables de la sociedad en sentido amplio; y de manera particular,de los gobernantes y demás funcionarios de la Repùblica Dominicana.
590 _aInventariado, 2025/ YL
910 _aYLockward
942 _2ddc
_cLBS1
999 _c59503
_d59503